000 00369 a2200145 4500
999 _c2930
_d2930
020 _a0431013861
050 _aJV6098 DAL 2006
100 _aDalton, Dave
245 _aEconomic migrants
_cDave Dalton
264 _aOxford
_bHeinemann
_c2006
300 _a56p.,
_bcol. ill.
500 _aPeople on the move
650 _aEconomic migrants
942 _2olc
_cBK
_h6098
_iDAL
_kJV